LEADER 01056nam a2200253 i 4500 001 000000066404 003 CaOOAMICUS 005 20090522000000.0 008 090522s1956 gw u000 u ger u 013 $a37576 040 $aSeMil$bita 100 1 $aSchopenhauer, Arthur,$d<1788-1860>.$0(OLS)http://semarc/name/5545 245 10$aAphorismen zur Lebensweisheit /$cSchopenhauer ; herausgegeben von Rudolf Marx. 260 $aStuttgart :$bA. Kröner,$cc1956. 300 $aXXXI, 282 p., [1] ritr. ;$c18 cm. 490 0 $aKröners Taschenausgabe ;$v16 650 4$aAforismi e sentenze.$0(OLS)http://semarc/subject/12923 700 1 $aMarx, Rudolf.$0(OLS)http://semarc/name/33311 830 0$aKröners Taschenausgabe ;$v16.$0(OLS)http://semarc/title/25896 850 $aSeMil 852 $aSeMil$W1$xVenegono$y1$m2Q IV 145$j32557$B32557$CSeMilBibl$Z2$F32560 $81 961 $aOmaggio: Donazione 996 $6245$aAphorismen zur Lebensweisheit$9(OLS)http://semarc/title/105593 996 $6260$aStuttgart :$bA. Kröner$9(OLS)http://semarc/publisher/35179 LEADER 01171nam a2200277 i 4500 001 000000167760 003 CaOOAMICUS 005 20160705000000.0 008 160705s2015 it u000 u ita u 013 $a145159 020 $a978-88-8284-927-6 040 $aSeMil$bita 245 12$aL'umano tra natura e cultura :$bumanesimo in questione /$ca cura di Andrea Aguti e Luigi Alici. 260 $aRoma :$bAVE,$c2015. 300 $a115 p. ;$c24 cm. 490 0 $aQuaderni di Dialoghi ;$v8 650 4$aNatura e cultura.$0(OLS)http://semarc/subject/16315 700 1 $aAlici, Luigi,$d<1950- >.$0(OLS)http://semarc/name/309 700 1 $aAguti, Andrea,$d<1967- >.$0(OLS)http://semarc/name/43552 830 0$aQuaderni di Dialoghi ;$v8.$0(OLS)http://semarc/title/7266 850 $aSeMil 852 $aSeMil$W1$xVenegono$y1$m2P VI 492$j118899$B118899$CSeMilBibl$Z2$F129716 $81 961 $aAcquisto: LdS 996 $6020$a978-88-8284-927-6$9(OLS)http://semarc/number/154441 996 $6245$aL'umano tra natura e cultura :$bumanesimo in questione$9(OLS)http://semarc/title/240031 996 $6260$aRoma :$bAVE$9(OLS)http://semarc/publisher/30251